000 01131nam a2200301 i 4500
001 bg
003 BPK
005 20190719115228.0
008 991122s1998 pl a f f |000 0 pol
015 _aPB 1999/18230
020 _a8371990731
040 _aWA N
_cBPK
080 _a621.317
080 _a(075.8)
245 0 0 _aMetrologia elektryczna i elektroniczna :
_blaboratorium : praca zbiorowa.
_nCz. 1 /
_cpod red. Adama Kowalczyka ; [aut. Romuald Borek et al.].
260 _aRzeszów :
_bOficyna Wydawnicza Politechniki Rzeszowskiej,
_c1998.
300 _a93 s. :
_brys. ;
_c24 cm.
504 _aBibliogr. przy rozdz.
521 8 _aSkrypt dla studentów Wydz. Elektrycznego.
650 4 _aElektronika
_xpomiary.
650 4 _aElektrotechnika
_xpomiary.
655 4 _aPodręczniki akademickie
700 1 _aKowalczyk, Adam
_c(nauki techniczne).
_eRed.
700 1 _aBorek, Romuald.
710 2 _aPolitechnika Rzeszowska.
_bOficyna Wydawnicza.
_4pbl.
942 _2UKD
_cKS
856 _uhttp://koha.tu.koszalin.pl/cgi-bin/koha/opac-detail.pl?biblionumber=34591
_yKatalog online BPK
999 _c34591
_d34591